| 000 | 00496nam a22001457a 4500 | ||
|---|---|---|---|
| 008 | 131204b xxu||||| |||| 00| 0 eng d | ||
| 050 | _aSPC DT932.M26 | ||
| 100 |
_aMarquard, Margaret _95088 |
||
| 245 |
_aLetters from a Boer parsonage _bLetters of Margaret Marquard during the Boer War |
||
| 260 |
_aCape Town _bPurnell _c1967 |
||
| 300 |
_avi; 140p. _c21cm |
||
| 650 |
_aSouth African War - 1899-1902 - Personal narratives _95089 |
||
| 700 |
_aMarquard, Leo (ed) _95090 |
||
| 942 |
_2lcc _cMONOGRAPH |
||
| 999 |
_c119062 _d119062 |
||